Nezbytné věci /

Hlavní autor: King, Stephen, 1947-
Další autoři: Gössel, Gabriel, 1943-2020
Jazyk: Čeština
Vydáno: Praha : Beta, 2009
Vydání: Vyd. 3.
Témata:
Fyzický popis: 734 s. ; 19 cm
Knihy
Uloženo v:
LEADER 01249cam a2200385 a 4500
001 nkc20091961216
003 CZ PrNK
005 20260304102438.0
007 ta
008 090514s2009 xr g 000 f cze d
015 |a cnb001961216 
020 |a 978-80-7306-392-4  |q (brož.) 
035 |a (OCoLC)433006725 
040 |a KLG001  |b cze  |d OLA001 
041 1 |a cze  |h eng 
072 7 |a 821.111(73)-3  |x Americká próza  |2 Konspekt  |9 25 
080 |a 821.111(73)-31  |2 MRF 
080 |a (0:82-31)  |2 MRF 
100 1 |a King, Stephen,  |d 1947-  |7 jn19990004346  |4 aut 
240 1 0 |a Needful things.  |l Česky  |7 aun2009519810 
245 1 0 |a Nezbytné věci /  |c Stephen King ; [z anglického originálu ... přeložil Gabriel Gössel] 
250 |a Vyd. 3. 
260 |a Praha :  |b Beta,  |c 2009 
300 |a 734 s. ;  |c 19 cm 
500 |a Dotisk r. 2014 
655 7 |a americké romány  |7 fd131796  |2 czenas 
655 9 |a American fiction  |2 eczenas 
700 1 |a Gössel, Gabriel,  |d 1943-2020  |7 xx0000536  |4 trl 
787 0 8 |i Z cyklu:  |t Castle rock  |g 4 
910 2 |a BOA001  |b 1-1224.923 
928 9 |a Beta-Dobrovský 
990 |a BK 
995 |a 01 
991 |b 200907 
996 6 |b 2610380727  |c 1-1224.923  |l MZK  |r Sklad / do 1 hodiny  |n 5  |p p.v.  |w 000942846  |u 000010  |a 1  |e BOA001  |j MZK50  |s P